| 000 | 00781nam a2200277Ia 4500 | ||
|---|---|---|---|
| 003 | GCL | ||
| 008 | 140319s9999 xx 000 0 ara d | ||
| 020 | _a0344215977 | ||
| 040 |
_aGCL / _cGCL |
||
| 082 | 0 | 4 |
_a252 _bع ع |
| 100 | 1 | _aعبدالحليم محمود | |
| 245 | 1 | 0 |
_aالعبادة : _bاحكام واسرار / _cعبدالحليم محمود |
| 250 | _aالاولى | ||
| 300 |
_a455 ص ؛ _c24 سم |
||
| 650 | 0 | 4 | _aغزوات النبى |
| 650 | 0 | 4 | _aالحج |
| 650 | 0 | 4 | _aالصلاة |
| 650 | 0 | 4 | _aالصوم |
| 650 | 0 | 4 | _aالزكاة |
| 650 | 0 | 4 | _aالفقه الاسلامى |
| 650 | 0 | 4 | _aليلة القدر |
| 650 | 0 | 4 | _aشهر رمضان |
| 650 | 0 | 4 | _aالعبادات( فقه اسلامى ) |
| 650 | 0 | 4 | _aالصدقات |
| 942 |
_2ddc _cBK |
||
| 999 |
_c4868 _d4868 |
||